El mercado de trabajo médico: evolución histórica en México: continuación (Record no. 72678)

MARC details
000 -CABECERA
campo de control de longitud fija 00784nam a2200265 a 4500
005 - FECHA Y HORA DE LA ÚLTIMA TRANSACCIÓN
campo de control 20210219153253.0
008 - ELEMENTOS DE LONGITUD FIJA--INFORMACIÓN GENERAL
campo de control de longitud fija 991125n 000 0 u
035 ## - NÚMERO DE CONTROL DEL SISTEMA
Número de control de sistema UPN01000087731
100 ## - ASIENTO PRINCIPAL--NOMBRE PERSONAL
Nombre de persona Frenk, Julio
222 ## - TÍTULO CLAVE
Título clave FORO UNIVERSITARIO
245 ## - MENCIÓN DE TÍTULO
Título El mercado de trabajo médico: evolución histórica en México: continuación
300 ## - DESCRIPCIÓN FÍSICA
Extensión 15-22
362 ## - FECHAS DE PUBLICACIÓN Y/O DESIGNACIÓN SECUENCIAL
Fecha de publicación y/o designación secuencial 1981 2a época, no. 03 feb.
653 0# - TERMINO DE INDIZACION - NO CONTROLADO
Término no controlado DESEMPLEO
653 0# - TERMINO DE INDIZACION - NO CONTROLADO
Término no controlado EDUCACION MEDIA SUPERIOR
653 0# - TERMINO DE INDIZACION - NO CONTROLADO
Término no controlado IMSS
653 0# - TERMINO DE INDIZACION - NO CONTROLADO
Término no controlado INSTITUTO DE SEGURIDAD Y SERVICIOS SOCIALES DE LOS TRABAJADORES DEL ESTADO (MEXICO)
653 0# - TERMINO DE INDIZACION - NO CONTROLADO
Término no controlado LEXICO
653 0# - TERMINO DE INDIZACION - NO CONTROLADO
Término no controlado MEDICOS
653 0# - TERMINO DE INDIZACION - NO CONTROLADO
Término no controlado 7. UNAM
700 ## - ASIENTO SECUNDARIO--NOMBRE DE PERSONAL
Nombre de persona Hernandez Llamas, Hector
700 ## - ASIENTO SECUNDARIO--NOMBRE DE PERSONAL
Nombre de persona Alvarez Klein, Lourdes
904 ## - ELEMENTOS DE DATOS D LOCAL, LDD (RLIN)
a AC
b 025542
905 ## - TIPO DE MATERIAL
Tipo de material Articulo

No items available.